[Event "Goa op 2nd"]
[Site "Taleigao"]
[Date "2019.06.20"]
[Round "4"]
[White "Gajwa, Ankit"]
[Black "Turov, Maxim"]
[Result "1/2-1/2"]
[WhiteElo "2273"]
[BlackElo "2579"]
[PlyCount "60"]
[EventDate "2019.06.18"]
[EventType "swiss"]
[EventRounds "10"]
[EventCountry "IND"]
[SourceTitle "CBM 191 Extra"]
[Source "ChessBase"]
[SourceDate "2019.09.30"]
[SourceVersion "1"]
[SourceVersionDate "2019.09.30"]
[SourceQuality "1"]

1. e4 c5 2. Nf3 Nc6 3. d4 cxd4 4. Nxd4 e5 5. Nb5 d6 6. N1c3 a6 7. Na3 Be7 8. Nc4 b5 9. Ne3 Nf6 10. g3 h5 11. Bg2 h4 12. 0-0 hxg3 13. fxg3 Nd4 14. Ncd5 Nxd5 15. Nxd5 Be6 16. c3 Nc6 17. Be3 Rb8 18. a4 b4 19. a5 bxc3 20. bxc3 0-0 21. Qe2 Rb5 22. Bb6 Qc8 23. Nc7 Rb3 24. Qxa6 Qxa6 25. Nxa6 Bc4 26. Nc7 Bxf1 27. Bxf1 Rb8 28. Bb5 Nxa5 29. Bxa5 R3xb5 30. Nxb5 Rxb5 1/2-1/2

[Event "Goa op 2nd"]
[Site "Taleigao"]
[Date "2019.06.19"]
[Round "3"]
[White "Gagare, Shardul"]
[Black "Gajwa, Ankit"]
[Result "1/2-1/2"]
[WhiteElo "2482"]
[BlackElo "2273"]
[PlyCount "79"]
[EventDate "2019.06.18"]
[EventType "swiss"]
[EventRounds "10"]
[EventCountry "IND"]
[SourceTitle "CBM 191 Extra"]
[Source "ChessBase"]
[SourceDate "2019.09.30"]
[SourceVersion "1"]
[SourceVersionDate "2019.09.30"]
[SourceQuality "1"]

1. Nf3 Nf6 2. g3 g6 3. Bg2 Bg7 4. 0-0 0-0 5. c4 d6 6. Nc3 e5 7. d3 h6 8. Rb1 a5 9. a3 Re8 10. b4 axb4 11. axb4 e4 12. dxe4 Nxe4 13. Nxe4 Rxe4 14. c5 Nc6 15. b5 Nd4 16. e3 Nxf3+ 17. Bxf3 Rc4 18. cxd6 Bf5 19. e4 Bh3 20. Bg2 Bxg2 21. Kxg2 Qxd6 22. Qxd6 cxd6 23. Bf4 Ra2 24. Bxd6 Rxe4 25. Kf3 Rc4 26. Rfc1 Rxc1 27. Rxc1 Rb2 28. Rc8+ Kh7 29. Rc5 g5 30. Rd5 Bc3 31. Bc7 Kg6 32. g4 f6 33. Bg3 h5 34. gxh5+ Kxh5 35. h4 Rd2 36. Rc5 Bd4 37. Rd5 Bc3 38. Rc5 Bd4 39. Rd5 Bc3 40. Rc5 1/2-1/2